Heart rate training / (Record no. 87064)

MARC details
000 -LEADER
fixed length control field 01095cam a2200301 i 4500
003 - CONTROL NUMBER IDENTIFIER
control field OSt
005 - DATE AND TIME OF LATEST TRANSACTION
control field 20250816112742.0
008 - FIXED-LENGTH DATA ELEMENTS--GENERAL INFORMATION
fixed length control field 190729s2020 ilua 001 0 eng
020 ## - INTERNATIONAL STANDARD BOOK NUMBER
International Standard Book Number 9781492590224
040 ## - CATALOGING SOURCE
Transcribing agency STCPL
041 ## - LANGUAGE CODE
Language code of text/sound track or separate title English
082 00 - DEWEY DECIMAL CLASSIFICATION NUMBER
Classification number 796.077
Item number ROY-H
100 1# - MAIN ENTRY--PERSONAL NAME
Personal name Benson, Roy
100 1# - MAIN ENTRY--PERSONAL NAME
Personal name Connolly, Declan
245 10 - TITLE STATEMENT
Title Heart rate training /
Statement of responsibility, etc. by Roy Benson, Declan Connolly
250 ## - EDITION STATEMENT
Edition statement 2nd ed.
260 ## - PUBLICATION, DISTRIBUTION, ETC.
Place of publication, distribution, etc. Champaign, IL :
Name of publisher, distributor, etc. Human Kinetics,
Date of publication, distribution, etc. 2020.
300 ## - PHYSICAL DESCRIPTION
Extent xi, 258 p.
Other physical details Paper Back
520 ## - SUMMARY, ETC.
Summary, etc. "Heart Rate Training, 2E helps the endurance athlete to understand how best to use the overwhelming amount of data that can be captured by heart rate monitoring equipment. The authors offer both general and sport-specific guidance in how to customize training plans in a way that effectively uses the latest technology and research"--
650 #0 - SUBJECT ADDED ENTRY--TOPICAL TERM
Topical term or geographic name entry element Sports management
650 #0 - SUBJECT ADDED ENTRY--TOPICAL TERM
Topical term or geographic name entry element Physiological training
650 #0 - SUBJECT ADDED ENTRY--TOPICAL TERM
Topical term or geographic name entry element Heart rate monitoring
650 #0 - SUBJECT ADDED ENTRY--TOPICAL TERM
Topical term or geographic name entry element Cardiovascular fitness
650 #0 - SUBJECT ADDED ENTRY--TOPICAL TERM
Topical term or geographic name entry element Athletics
942 ## - ADDED ENTRY ELEMENTS (KOHA)
Koha item type Books
942 ## - ADDED ENTRY ELEMENTS (KOHA)
Source of classification or shelving scheme Dewey Decimal Classification
942 ## - ADDED ENTRY ELEMENTS (KOHA)
Source of classification or shelving scheme Dewey Decimal Classification
Holdings
Withdrawn status Lost status Source of classification or shelving scheme Damaged status Collection code Not for loan Home library Current library Shelving location Date acquired Cost, normal purchase price Total Checkouts Full call number Barcode Date last seen Price effective from Koha item type
    Dewey Decimal Classification   Sports Management   ST. THOMAS COLLEGE LIBRARY, PALAI ST. THOMAS COLLEGE LIBRARY, PALAI Sports Management 2025-08-16 2220.55   796.077 ROY-H 93070 2025-08-16 2025-08-16 Books
Rights reserved ©2021 ST. THOMAS COLLEGE LIBRARY
A joint venture of - St. Thomas College Library and
Department of Computer Science, St. Thomas Collge Palai